000 01147nam0a22002771 4500
001 rc\3681790
005 20250610061104.0
021 _aRU
_b72-ОЭ-1009/4
021 _aRU
_bРг5478-72
035 _a(NLR Aleph) 007751591
090 _a7269687
_c7269687
100 _a20130115d1972 |||y0rusy50 ca
101 0 _arus
102 _aRU
105 _ay z |||||
200 1 _aМетодические рекомендации в помощь пропагандистам при изучении темы "Влияние научно-технической революции на изменение социальной структуры советского общества"
_fДом полит. просвещения Минского обкома КПБ
210 _aМинск
_cБ. и.
_d1972
215 _a[2], 28 с.
_d20
300 _aНа обороте тит. л. подгот.: и. о. доц. Макиевский И.В.
320 _aБиблиогр.: с. 28
702 1 _aМакиевский
_bИ.В.
_4570
801 0 _aRU
_bNLR
_gpsbo
801 1 _aRU
_bELAR
_2rusmarc
852 _aNLR
_j72-4/9166
942 _cBOOK
980 _aNB